000 00376nam a2200145Ia 4500
008 230917s9999||||xx |||||||||||||| ||und||
040 _e154732
_aMAIN
041 _aEnglish
082 _a294.538 P196S
100 _aParvatiya, Nityanand Patna
245 0 _aSamskara dipaka
260 _aVaranasi
_bChoukhamba Sanskrit Series office
_c1964
300 _a337 p.
942 _cBK
999 _c160025
_d160025